000 00320nam a22001457a 4500
008 210514b ||||| |||| 00| 0 eng d
020 _a9780495565598
041 _aeng
080 _25th
_a070
082 _a070
100 _a40
101 _aMED
245 _aCommunication in Our Lives
_cWood,J.T
942 _2udc
_cBK
999 _c57303
_d57303